000 00316nam a22001337a 4500
008 170908b xxu||||| |||| 00| 0 eng d
020 _a2900073051504
041 _aeng
080 _23 ED
_a91
100 _a42
101 _aGEO
245 _aCONTEMPORARY WORLD REGIONAL GEOGRAPHY
_cDYMOND.CH
942 _2udc
_cBK
999 _c26918
_d26918